| 000 | 00444nam a22001697a 4500 | ||
|---|---|---|---|
| 005 | 20180820162236.0 | ||
| 008 | 160524b xxu||||| |||| 00| 0 eng d | ||
| 020 | _a81-7170-690-8 | ||
| 041 | _aeng | ||
| 082 |
_b4627 _a658.4012 |
||
| 100 |
_aJauch, Lawrence R and Other _94843 |
||
| 245 | _aBusiness Policy and Strategic Management | ||
| 260 |
_aNew Delhi _bAcademic Faundation |
||
| 300 | _a651p, | ||
| 650 |
_aManagement _9241 |
||
| 942 | _cBK | ||
| 999 |
_c1563 _d1562 |
||